00393 a2200145 450000100060000002000180000604000370002410000280006124000550008924500500014430000080019436200090020244000120021165000240022373155 a9788508112364 cAnchieta - Colégio São Paulo aFerraresi, Carla Miucci10aHistória em projetos, 6ª Série - 7º anolpor10aHistória em projetos, 6ª Série - 7º ano a2720 a2007 1aÁtica 4aHistória do mundo